Freedom and organization 1814-1914 / (Record no. 184247)

000 -LEADER
fixed length control field 00716 a2200193 4500
003 - CONTROL NUMBER IDENTIFIER
control field Nust
005 - DATE AND TIME OF LATEST TRANSACTION
control field 20221221091702.0
040 ## - CATALOGING SOURCE
Transcribing agency Nust
082 ## - DEWEY DECIMAL CLASSIFICATION NUMBER
Classification number 323,RUS
100 ## - MAIN ENTRY--PERSONAL NAME
Personal name Russell, Bertrand
9 (RLIN) 37020
245 ## - TITLE STATEMENT
Title Freedom and organization 1814-1914 /
Statement of responsibility, etc. Bertrand Russell,
250 ## - EDITION STATEMENT
Edition statement 3rd ed
260 ## - PUBLICATION, DISTRIBUTION, ETC.
Place of publication, distribution, etc. George Allen & Unwin Ltd
Name of publisher, distributor, etc. London
Date of publication, distribution, etc. 1945
300 ## - PHYSICAL DESCRIPTION
Extent 528 p
Other physical details illus
Dimensions 24 cm
505 ## - FORMATTED CONTENTS NOTE
Formatted contents note Part I: The Principle of Legitimacy (Page-13), Part II: The March of Mind (Page-67), Part III: Democracy and Plutocracy In America (Page-259), Part IV: Nationalism and Imperialism (Page-389)
600 ## - SUBJECT ADDED ENTRY--PERSONAL NAME
Personal name Russell, Bertrand
9 (RLIN) 37020
650 ## - SUBJECT ADDED ENTRY--TOPICAL TERM
Topical term or geographic name entry element Freedom and organization 1814-1914
9 (RLIN) 105435
942 ## - ADDED ENTRY ELEMENTS (KOHA)
Source of classification or shelving scheme
Koha item type Book
Call number prefix 323,RUS
Holdings
Withdrawn status Lost status Source of classification or shelving scheme Damaged status Not for loan Permanent Location Current Location Shelving location Date acquired Full call number Barcode Date last seen Price effective from Koha item type Public note
          Military College of Signals (MCS) Military College of Signals (MCS) General Stacks 12/12/2016 323,RUS MCS29575 12/08/2016 12/12/2016 Book Almirah No.49, Shelf No.5
© 2023 Central Library, National University of Sciences and Technology. All Rights Reserved.